| 000 | 01294cas a2200397 i 4500 | ||
|---|---|---|---|
| 001 | 200448143 | ||
| 003 | TR-AnTOB | ||
| 005 | 20240513111713.0 | ||
| 007 | ta | ||
| 008 | 760824d sz mx p i0 a0engm | ||
| 010 | _a47038600 | ||
| 035 | _a(OCoLC)2393020 | ||
| 035 | _a(OCoLC)2393020 | ||
| 040 |
_aDLC _beng _erda _cYUS _dCOO _dMUL _dOCL _dm.c. _dOCL _dAIP _dNSD _dUtOrBLW _dTR-AnTOB |
||
| 041 | 0 | _aeng | |
| 050 | 0 |
_aHD2951 _b.I58 |
|
| 090 |
_aTOBBK HD2951 _b.I58 |
||
| 110 | 2 |
_aInternational Labour Office _927101 |
|
| 210 | 0 | _aCoop. inf. | |
| 222 | 0 | _aCooperative information. | |
| 245 | 1 | 0 | _aCooperative information. |
| 264 | 1 |
_aGeneva : _bInternational Labour Office, _c[date of publication not identified] |
|
| 300 |
_anumbers ; _c36-25 cm. |
||
| 310 | _a12 no. a year. | ||
| 336 |
_atext _btxt _2rdacontent. |
||
| 337 |
_aunmediated _bn _2rdamedia. |
||
| 338 |
_avolume _bnc _2rdacarrier. |
||
| 362 | 1 | _aBegan in 1924; ceased with 53rd year in 1977. | |
| 500 | _aPublished also in French and Spanish. SERBIB/SERLOC merged record. | ||
| 510 | 2 |
_aBibliography of agriculture _x0006-1530. |
|
| 580 | _aPublished also in French and Spanish. | ||
| 650 | 0 |
_aCooperation _vPeriodicals _9136125 |
|
| 942 |
_2z _cBK |
||
| 999 |
_c200448143 _d66355 |
||